Discurso leído en la solemne apertura del curso académico de 1888 a 1889 en la Universidad Literaria de Valencia / (Registro nro. 38074)

Detalles MARC
000 -LEADER
campo de control de longitud fija 00855nam a2200193 i 4500
001 - NÚMERO DE CONTROL
campo de control 38074
003 - IDENTIFICADOR DE NÚMERO DE CONTROL
campo de control ES-MaACL
005 - FECHA Y HORA DE LA ÚLTIMA TRANSACCIÓN
campo de control 20230906155706.0
007 - CAMPO FIJO DE DESCRIPCIÓN FÍSICA--INFORMACIÓN GENERAL
campo de control de longitud fija t|
008 - DATOS DE LONGITUD FIJA--INFORMACIÓN GENERAL
campo de control de longitud fija 030224s1888 sp ||||1| spa d
100 1# - ENTRADA PRINCIPAL--NOMBRE DE PERSONA
Nombre de persona Calabuig y Carra, Vicente.
9 (RLIN) 33509
245 10 - MENCIÓN DEL TÍTULO
Título Discurso leído en la solemne apertura del curso académico de 1888 a 1889 en la Universidad Literaria de Valencia /
Mención de responsabilidad, etc. por Vicente Calabuig y Carra.
260 ## - PUBLICACIÓN, DISTRIBUCIÓN, ETC.
Lugar de publicación, distribución, etc. Valencia :
Nombre del editor, distribuidor, etc. [s.n.],
Fecha de publicación, distribución, etc. 1888 (
Lugar de fabricación/manufactura Imp. de Nicasio Rius Monfort)
300 ## - DESCRIPCIÓN FÍSICA
Extensión 52 p. ;
Dimensiones 31 cm.
500 ## - NOTA GENERAL
Nota general Tít. en antep.: Concepto del derecho privado y desenvolvimiento orgánico de sus instituciones : la codificación civil en España.
710 2# - ENTRADA AGREGADA--NOMBRE DE ENTIDAD CORPORATIVA
Nombre de entidad corporativa o nombre de jurisdicción como elemento de entrada Universidad Literaria de Valencia.
9 (RLIN) 7392
740 0# - ENTRADA AGREGADA--TÍTULO RELACIONADO/ANALÍTICO NO CONTROLADO
Título relacionado o analítico no controlado Concepto del derecho privado y desenvolvimiento orgánico de sus instituciones.
852 ## - LOCALIZACIÓN
Ubicación ES-MaACL
Número de control de estantería T-1323-F-2
Existencias
Estatus retirado Estado de pérdida Estado de daño No para préstamo Colección Biblioteca de origen Biblioteca actual Ubicación en estantería Fecha de adquisición Fuente de adquisición Total de préstamos Signatura topográfica completa Código de barras Visto por última vez Precio de reemplazo Tipo de ítem Koha
        Colección de folletos Biblioteca del Ateneo de Madrid Biblioteca del Ateneo de Madrid Depósito folletos 17/01/2008     T-1323-F-2 1040085 23/02/2023 23/02/2023 Folleto